El devenir de la esencia en Xavier Zubiri Hacia una génesis de las esencias en el orden de la talidad

Պահպանված է:
Մատենագիտական մանրամասներ
Հիմնական հեղինակ: Giralt Bermúdez, María de los Angeles
Ձևաչափ: Գիրք
Լեզու:Undetermined
Հրապարակվել է: San José, Costa Rica Universidad de Costa Rica, Escuela de Filosofía 1967
Խորագրեր:
Ցուցիչներ: Ավելացրեք ցուցիչ
Չկան պիտակներ, Եղեք առաջինը, ով նշում է այս գրառումը!

MARC

LEADER 00000nam a2200000Ia 4500
008 170316s9999 xx 000 0 und d
999 |c 13849  |d 13849 
040 |a cru BVZT 
090 |a TESIS 234 
100 |a Giralt Bermúdez, María de los Angeles 
245 |a El devenir de la esencia en Xavier Zubiri  |b Hacia una génesis de las esencias en el orden de la talidad 
260 |a San José, Costa Rica  |b Universidad de Costa Rica, Escuela de Filosofía  |c 1967 
300 |a 184 páginas 
650 |a LICENCIATURA EN FILOSOFÍA 
650 |a TRABAJO FINAL DE GRADUACIÓN  |9 237 
942 |c TFG  |h TESIS 234  |2 z